German Food 2 - Statistics

General Stats
  • This quiz has been taken 775 times
  • The average score is 24 of 59
Answer Stats
Hint Answer % Correct
the spinach der Spinat
91%
the pepper die Paprika
88%
the olive die Olive
79%
the raspberry die Himbeere
63%
the lettuce der Kopfsalat
62%
to chew kauen
61%
the salami die Salami
59%
the lamb das Lamm
58%
the waffle die Waffel
58%
to brew brauen
51%
the fillet das Filet
51%
the pumpkin der Kürbis
51%
the cookie der Keks
50%
the schnapps der Schnaps
50%
the cocktail der Cocktail
49%
toast der Toast
49%
to butter buttern
47%
non-alcoholic alkoholfrei
46%
the wing der Flügel
46%
to overeat überessen
46%
nutritioius nahrhaft
45%
tender zart
45%
the fruit salad der Obstsalat
43%
the pastries das Gebäck
42%
dry trocken
42%
the cheesecake der Käsekuchen
41%
the sparking wine der Sekt
41%
to polish polieren
41%
burnt verbrannt
39%
the granola das Müsli
38%
the radish das Radieschen
37%
the champagne der Champagner
37%
the tap water das Leitungswasser
36%
the tail der Schwanz
36%
the yeast die Hefe
36%
to gut ausnehmen
34%
the loaf der Laib
33%
the cotton candy die Zuckerwatte
33%
the seafood die Meeresfrüchte
32%
the ground meat das Hackfleisch
30%
rich (taste) mächtig
30%
the tray das Tablett
29%
to set the table den Tisch decken
29%
the turnip die Speiserübe
29%
the saucer die Untertasse
29%
the shellfish das Schalentier
28%
the tablecloth das Tischtuch
28%
the spirts (hard drinks) die Spirituosen
28%
crusty knusprig
28%
savoury herzhaft
26%
the place setting das Gedeck
25%
the licorice die Lakritze
25%
the slice die Scheibe
25%
to resist widerstehen
25%
the china das Porzellan
22%
the oats die Haferflocken
20%
the soft drink das Erfrischungsgetränk
18%
the chopsticks die Essstäbchen
18%
the cutlery das Besteck
17%
No matching quizzes found
Score Distribution
Percent of People with Each Score
Percentile by Number Answered
Your Score History
You have not taken this quiz